Operacionnaja sistema DEMOS : Instrumentaľnyje sredstva programmirovanija /

Gespeichert in:
Bibliographische Detailangaben
Hauptverfasser: Tichomirov, Vladimir Pavlovič (Verfasst von), Davidov, Michail Izgnjajevič (Verfasst von)
Format: Buch
Veröffentlicht: Moskva : Finansy i statistika, 1988
Tags: Tag hinzufügen
Keine Tags, Fügen Sie das erste Tag hinzu!

MARC

LEADER 00000nam a22000003a 4500
001 stu14404
005 20150617225759.2
008 ------s1988----xxr---------------------d
040 |a STU  |b slo 
041 0
044 |a xxr 
080 |a 681.3.06 
100 1 |a Tichomirov, Vladimir Pavlovič  |4 aut 
245 1 |a Operacionnaja sistema DEMOS :  |b Instrumentaľnyje sredstva programmirovanija /  |c [aut.]Tichomirov,Vladimir Pavlovič, Davidov,Michail Izgnjajevič 
260 |a Moskva :  |b Finansy i statistika,  |c 1988 
300 |a 205 s :  |b Literatúra 
700 1 |a Davidov, Michail Izgnjajevič  |4 aut 
996 |b C83368  |c C*83368  |l CCII  |s P  |a 0  |w stu14404_0001 
996 |b C83799  |c C*83799  |l CCXX  |s P  |a 0  |w stu14404_0002